00000000nam 2200000za 4500
0019.853619
003CaOODSP
00520221107154854
007cr |||||||||||
008180314s2018    oncb   #ob   f000 0 fre d
020 |a978-0-660-25763-1
040 |aCaOODSP|bfre
043 |an-cn---
0861 |aEn3-4/290-2018F-PDF
24500|aProgramme de rétablissement du ginseng à cinq folioles (Panax quinquefolius) au Canada |h[resource électronique] : |bGinseng à cinq folioles.
24610|aGinseng à cinq folioles
260 |aOttawa : |bEnvironnement et changement climatique Canada, |cc2018.
300 |aviii, 34 p. : |bcartes
4901 |aLoi sur les espèces en péril, série de programmes de rétablissement
500 |aTitre pris sur la couv.
500 |aPubl. aussi en anglais sous le titre : Recovery strategy for the American Ginseng (Panax quinquefolius) in Canada : American Ginseng.
504 |aComprend des réf. bibliogr.
520 |a« Le ginseng à cinq folioles (Panax quinquefolius) est une plante vivace longévive qui est associée aux forêts matures. L’espèce a été désignée « en voie de disparition » par le Comité sur la situation des espèces en péril au Canada (COSEPAC) en 2000 et est inscrite selon le même statut à l’annexe 1 de la Loi sur les espèces en péril (LEP) depuis 2003 » -- Sommaire, p. iv.
69207|2gccst|aEspèce menacée
69207|2gccst|aPlante sauvage
69207|2gccst|aGestion de l'environnement
7101 |aCanada. |bEnvironnement et changement climatique Canada.
77508|tRecovery strategy for the American Ginseng (Panax quinquefolius) in Canada |w(CaOODSP)9.853618
830#0|aLoi sur les espèces en péril, série de programmes de rétablissement.|w(CaOODSP)9.501470
85640|qPDF|s1.28 Mo|uhttps://publications.gc.ca/collections/collection_2018/eccc/En3-4-290-2018-fra.pdf